[Event "S. A. Group BAN-chT 2018"]
[Site "Dhaka"]
[Date "2018.12.10"]
[Round "5"]
[White "Mohammed Abdul, Malek"]
[Black "Saiful Islam, Chowdhury"]
[Result "1-0"]
[WhiteElo "2208"]
[BlackElo "2120"]
[Annotator "NA RC"]
[PlyCount "83"]
[EventDate "2018.12.07"]
[EventType "team-tourn"]
[EventCountry "BAN"]
[SourceTitle "playchess.com"]
[Source "ChessBase"]
[SourceQuality "1"]
[TimeControl "5400+30"]

{[%evp 14,83,20,22,98,77,79,72,168,154,147,157,160,81,66,33,90,68,94,99,164,131,32767,209,210,32767,222,214,32767,237,214,200,234,163,156,163,32767,32767,32767,32767,32767,32767,326,706,670,914,605,1082,32767,32767,32767,32767,32767,32767,32767,32767,29993,32767,32767,32767,32767,32767,32767,32767,32767,32767,32767,32767,29987,395,29988,29990]} 1. d4 {[%emt 0:00:00]} Nf6 {[%emt 0:01:10]} 2. Nf3 {[%emt 0:00:00]} d5 {[%emt 0:00:56]} 3. c4 {[%emt 0:00:00]} e6 {[%emt 0:00:18]} 4. e3 {[%emt 0:00:06]} c6 {[%emt 0:00:49]} 5. Nbd2 {[%emt 0:00:13]} Nbd7 {[%emt 0:00:15]} 6. Bd3 {[%emt 0:00:09]} Bd6 {[%emt 0:00:31]} 7. O-O {[%emt 0:00:10]} O-O {[%emt 0:03:14]} 8. e4 {[%emt 0:06:20] LiveBook: 779 Games D30: Queen's Gambit Declined: Systems without Nc3} Nh5 $146 {[%emt 0:06:51]} ({Predecessor:} 8... e5 $14 9. cxd5 cxd5 10. Re1 h6 11. exd5 exd4 12. Nc4 Nb6 13. Nxd6 Qxd6 14. Nxd4 Nbxd5 15. Bf1 Rd8 16. Nb5 Qb6 17. Qf3 Bd7 18. Nc3 Bc6 19. Nxd5 Rxd5 20. b3 Re5 21. Qc3 Ng4 22. Be3 Nxe3 23. Qxe5 {½-½ (23) Onischuk,A (2685)-Duda,J (2697) Khanty-Mansiysk 2017}) 9. e5 {[%emt 0:02:52]} Be7 {[%emt 0:01:41]} 10. Re1 {[%emt 0:00:26]} b6 {[%emt 0:03:20]} (10... Nf4 $16 11. Bc2 Ng6) 11. cxd5 {[%emt 0:01:02]} cxd5 {[%emt 0:00:48]} 12. Nf1 {[%emt 0:00:06]} g6 {[%emt 0:00:14]} 13. g4 {[%emt 0:01:32]} (13. Bh6 $18 {and White stays clearly on top.}) 13... Ng7 {[%emt 0:00:22]} 14. g5 {[%emt 0:00:47]} Bb7 {[%emt 0:01:14]} 15. h4 {[%emt 0:00:28]} a6 {[%emt 0:00:10]} 16. Ne3 {[%emt 0:00:53]} b5 {[%emt 0:02:06]} (16... a5 $16) 17. Ng4 {[%emt 0:00:18]} Bb4 {[%emt 0:03:17]} 18. Bd2 {[%emt 0:02:42]} Be7 {[%emt 0:03:11]} 19. Nf6+ {[%emt 0:01:30]} Kh8 {[%emt 0:00:28]} 20. Kg2 {[%emt 0:01:07]} Nf5 {[%emt 0:04:02]} (20... h5 $142 21. gxh6 Nf5) 21. Bxf5 {[%emt 0:01:38]} gxf5 {[%emt 0:00:21]} 22. Ng1 {[%emt 0:02:27]} Bxf6 {[%emt 0:06:52]} 23. exf6 {[%emt 0:01:59]} Rg8 {[%emt 0:04:58]} 24. Kh1 {[%emt 0:06:44]} Rc8 {[%emt 0:02:33]} 25. Bf4 {[%emt 0:02:25]} Qb6 {[%emt 0:02:59]} 26. Nf3 {[%emt 0:00:18]} b4 {[%emt 0:01:12]} 27. Rg1 {[%emt 0:00:46]} a5 {[%emt 0:01:35]} 28. Ne5 {[%emt 0:00:14]} Nxe5 {[%emt 0:00:23]} 29. Bxe5 {[%emt 0:00:07]} Qc6 {[%emt 0:00:47]} 30. h5 {[%emt 0:01:22]} Rgd8 {[%emt 0:11:20]} 31. g6 {[%emt 0:01:02]} Rd7 {[%emt 0:01:44]} 32. gxh7 {[%emt 0:01:10]} Rdd8 {[%emt 0:02:08]} 33. Qd2 {[%emt 0:03:11]} f4 {[%emt 0:02:48]} 34. Rac1 {[%emt 0:01:53]} Qb5 {[%emt 0:00:52]} 35. Rxc8 {[%emt 0:09:22]} Rxc8 {[%emt 0:00:14]} 36. Qxf4 {[%emt 0:00:09]} Qd3 {[%emt 0:01:09]} 37. Rg8+ {[%emt 0:01:42]} Rxg8 {[%emt 0:00:26]} 38. hxg8=Q+ {[%emt 0:00:15]} Kxg8 {[%emt 0:00:02]} 39. Qg5+ {[%emt 0:00:08]} Kf8 {[%emt 0:00:17]} 40. Qg7+ {[%emt 0:00:07]} Ke8 {[%emt 0:00:07]} 41. Qg8+ $18 {[%emt 0:00:06]} Kd7 {[%emt 0:00:09]} 42. Qxf7+ {[%emt 0:00:09]} 1-0

[Event "S. A. Group BAN-chT 2018"]
[Site "Dhaka"]
[Date "2018.12.10"]
[Round "5"]
[White "Ahmed, Shafiq"]
[Black "Ghosh, Diptayan"]
[Result "0-1"]
[WhiteElo "2165"]
[BlackElo "2541"]
[Annotator "TA"]
[PlyCount "80"]
[EventDate "2018.12.07"]
[EventType "team-tourn"]
[EventCountry "BAN"]
[SourceTitle "playchess.com"]
[Source "ChessBase"]
[SourceQuality "1"]

{[%evp 18,80,16,25,48,30,30,27,49,44,51,8,5,-43,-33,-20,14,-16,-8,-16,-6,-14,-10,-16,8,-491,-500,-539,-536,-806,-792,-749,-689,-685,-680,-652,-587,-681,-677,-670,-675,-671,-665,-703,-706,-1210,-1156,-1127,-977,-1103,-1053,-1112,-1082,-1063,-919,-1039,-1039,-1001,-993,-916,-881,-866,-860,-841,-831]} 1. e4 e5 2. Nf3 Nc6 3. d4 exd4 4. Nxd4 Bc5 5. Nb3 Bb6 6. Nc3 Nf6 7. Bg5 h6 8. Bh4 d6 {C45: Scotch Game} 9. f3 Be6 10. Bb5 {LiveBook: 9 Games} g5 {White has an edge.} 11. Bf2 Bxf2+ 12. Kxf2 O-O $146 ({Predecessor:} 12... Nd7 13. Nd5 a6 14. Bxc6 bxc6 15. Ne3 c5 16. Re1 {0-1 (56) Robson,R (2644)-Quesada Perez,Y (2619) Saint Louis 2017}) 13. Bxc6 bxc6 {[%cal Bb7c6,Bc6c5][%mdl 32]} 14. Nd4 c5 $1 {[%cal Rc5d4]} 15. Nf5 Bxf5 $1 16. exf5 Qb8 17. h4 g4 $1 18. fxg4 {g5 is the strong threat.} Qxb2 19. Rh3 {[#] aiming for g5.} Qb4 $36 {[%mdl 2048] Black wants to play ...Qf4+. Black is pushing.} 20. g5 Ne4+ 21. Kg1 $2 {[%mdl 8192]} (21. Nxe4 $11 {and White stays safe.} Qxe4 22. Qd3 Qxd3 23. Rxd3 (23. cxd3 Rab8 $11)) 21... Nxc3 $19 {Black is clearly winning.} 22. Qh5 Qd4+ 23. Kh1 {intending f6.} Ne4 24. Rf1 Nf2+ 25. Rxf2 Qxf2 {[%mdl 64] [#] Double Attack} 26. Rf3 Qd4 {White must now prevent ...Rae8.} 27. Kh2 Qg7 28. Rg3 {Strongly threatening f6.} Kh8 29. g6 {f6! would kill now.} f6 30. Rc3 Rfe8 31. g4 Kg8 32. Rf3 Rf8 33. Kh3 Rae8 34. g5 hxg5 35. hxg5 Qh8 36. Qxh8+ Kxh8 37. gxf6 Rxf6 38. Kg4 Ref8 39. Rh3+ Kg8 40. Rh5 d5 {Accuracy: White = 38%, Black = 57%.} 0-1

[Event "S. A. Group BAN-chT 2018"]
[Site "Dhaka"]
[Date "2018.12.10"]
[Round "5"]
[White "Hasan, Eunus"]
[Black "Ikramul, Haq Siam"]
[Result "0-1"]
[WhiteElo "2154"]
[BlackElo "2116"]
[Annotator "TA"]
[PlyCount "98"]
[EventDate "2018.12.07"]
[EventType "team-tourn"]
[EventCountry "BAN"]
[SourceTitle "playchess.com"]
[Source "ChessBase"]
[SourceQuality "1"]

{[%evp 15,98,9,0,0,0,0,0,0,18,0,7,0,5,-31,0,-2,-3,-17,-14,-6,-1,-66,-69,-89,-83,-98,-97,-67,-67,-67,-67,-103,-109,-104,-93,-104,-105,-119,-105,-90,-81,-92,-15,-25,-13,-22,-28,-27,-23,-25,0,0,0,0,0,0,0,0,0,0,0,0,0,0,0,0,0,0,0,-43,0,0,0,0,0,-171,-131,-398,-405,-470,-456,-1107,-514,-512,-501]} 1. e4 e6 2. d4 d5 3. Nc3 Bb4 4. exd5 exd5 5. Bd3 Nc6 6. Nge2 Nge7 7. O-O Bg4 8. f3 Bf5 {LiveBook: 15 Games} 9. Bg5 {C01: French: Exchange Variation} (9. a3 Bxc3 10. bxc3 O-O 11. Ng3 Bg6 12. f4 f5 13. Re1 Qd7 14. c4 dxc4 15. Bxc4+ Bf7 16. Bxf7+ Rxf7 17. c3 Na5 18. Qd3 c5 19. Ra2 c4 20. Qf3 Qc6 21. Qh5 Qg6 22. Qf3 Qc6 23. Qh5 {½-½ (23) Okhotnik,V (2453)-Torma,R (2472) Balatonboglar 2016}) 9... Qd7 10. a3 Bxc3 11. Nxc3 {The position is equal.} O-O $146 ({Predecessor:} 11... f6 12. Be3 O-O 13. Bb5 a6 14. Ba4 b5 15. Bb3 Na5 16. Ba2 Nc4 {1-0 (56) Breuer,S (2350)-Kamp,C (2268) Germany 2010}) 12. Ne2 Rfe8 13. Qd2 h6 14. Bxe7 {[#] Strongly threatening Bxf5.} Rxe7 (14... Bxd3 {is more complex.} 15. Qxd3 Rxe7 16. Rf2 Rae8 17. Nc3 b6) 15. Bxf5 Qxf5 16. Ng3 Qf6 17. Rad1 Rae8 {[%cal Ba8e8,Be8e7,Be7e6][%mdl 32]} 18. b4 ({Better is} 18. Rf2 $11) 18... a6 $36 {[%mdl 2048] Black has some pressure.} 19. a4 {[#]} Na7 $1 {[%cal Bc6a7,Ba7c8,Bc8b6,Bb6c4][%mdl 32]} 20. c3 Nc8 21. Rfe1 Nb6 22. Rxe7 Rxe7 23. a5 Nc4 24. Qc1 Qe6 25. Kf2 Kf8 26. Nf1 Qe2+ 27. Kg1 Re6 28. Ng3 Qa2 (28... Qe3+ $17 29. Qxe3 Rxe3) 29. Re1 $11 Qb2 30. Qxb2 Rxe1+ 31. Kf2 Nxb2 {[%cal Rb2d3]} 32. Kxe1 {[%mdl 4096] Endgame KN-KN} Nd3+ 33. Ke2 Nf4+ 34. Kf2 Ke7 35. Nf5+ Kf6 36. Ne3 Ke6 37. g3 Ng6 38. Ke2 f5 39. f4 Ne7 40. Kf3 Nc8 41. g4 Nd6 42. h3 g6 43. gxf5+ gxf5 44. Ke2 Ne4 45. c4 $2 (45. Kd3 $11) 45... dxc4 $19 46. Nxc4 $2 {[%mdl 8192]} (46. d5+ $17 {was the only defense.} Kd7 47. Nxf5) 46... Nc3+ 47. Kf3 Nd5 {Black is clearly winning.} 48. Ne3 (48. h4 $142 Nxb4 49. Ke3) 48... Nxb4 (48... Nxe3 $142 49. Kxe3 Kd5) 49. Ke2 Nd5 {Accuracy: White = 41%, Black = 61%.} 0-1

[Event "S. A. Group BAN-chT 2018"]
[Site "Dhaka"]
[Date "2018.12.10"]
[Round "5"]
[White "Ahmed, Sk. Nasir"]
[Black "Arpan, Das"]
[Result "1-0"]
[WhiteElo "2119"]
[BlackElo "2186"]
[Annotator "TA"]
[PlyCount "91"]
[EventDate "2018.12.07"]
[EventType "team-tourn"]
[EventCountry "BAN"]
[SourceTitle "playchess.com"]
[Source "ChessBase"]
[SourceQuality "1"]

{[%evp 13,91,5,27,14,19,19,45,43,43,39,74,60,56,54,54,69,71,52,62,60,69,44,40,42,43,43,27,30,70,71,75,78,106,106,101,115,139,135,135,137,138,126,149,152,179,179,218,127,127,83,182,120,253,110,102,101,226,226,245,241,247,225,237,217,707,678,749,850,1117,1102,2129,770,1719,2162,2087,1707,29977,29978,29971,29973]} 1. c4 Nf6 2. Nf3 c5 3. e3 e6 4. Nc3 d5 5. cxd5 exd5 6. d4 Nc6 7. Bb5 Bg4 8. h3 {D32: Tarrasch Defence: Sidelines and lines without g3} (8. Qa4 Bd7 9. Ne5 Qc7 10. O-O Bd6 11. Nxd7 Qxd7 12. dxc5 Bxc5 13. b4 Bb6 14. Bb2 O-O 15. Rad1 a6 {1-0 (47) Almasi,I (2407)-Horvath,D (2369) Graz 2018}) 8... Bxf3 9. Qxf3 Be7 10. dxc5 $146 {White is slightly better.} ({Predecessor:} 10. O-O O-O 11. Rd1 Qc7 12. dxc5 Rfd8 13. Bxc6 bxc6 14. Na4 Ne4 15. b4 Rab8 {½-½ (39) Gac,S (1457)-Pillard,V (1763) France 2012}) 10... Bxc5 11. O-O a6 12. Ba4 Bb4 13. Rd1 {[%cal Rc3d5]} Bxc3 14. bxc3 O-O 15. Bxc6 bxc6 {[#]} 16. c4 $1 {[%mdl 512]} Rb8 (16... dxc4 17. Rxd8) 17. Ba3 Re8 18. cxd5 cxd5 19. Bc5 Ne4 20. Bd4 Qe7 21. Rac1 Qe6 22. Qg4 Qxg4 23. hxg4 Rbc8 24. f3 Nd6 25. Bc5 Nb7 26. Rxd5 Nxc5 27. Rdxc5 Rxc5 28. Rxc5 $16 {[%mdl 4096] Endgame KR-KR} h6 29. e4 Re6 30. Kf2 (30. a4 $18) 30... Rb6 31. Ke3 Kf8 (31... Rb2 $16 {was worth a try.}) 32. a4 (32. Rc8+ $18 Ke7 33. Rc7+ Ke8 34. Ra7) 32... Ke7 (32... g6 $16 33. Rc8+ Kg7) 33. a5 (33. Rc7+ $18 {is the precise move to win.} Ke8 34. Rc8+ Kd7 35. Ra8) 33... Rb3+ 34. Kd4 {aiming for Rc7+.} Kd7 {[#]} (34... Ra3 $16) 35. g5 $1 $18 hxg5 36. Rxg5 g6 37. Rd5+ Ke7 38. Rc5 Kd7 $2 (38... Kd6 39. e5+ Kd7 40. Rd5+ Kc8) 39. Ke5 Rb2 40. Kf6 Rb7 41. e5 {[%cal Be4e5,Be5e6][%mdl 32]} Ke8 42. Rc8+ Kd7 43. Rf8 Rb5 44. f4 Rxa5 45. Kxf7 Ra4 46. e6+ {Accuracy: White = 76%, Black = 38%.} 1-0

[Event "S. A. Group BAN-chT 2018"]
[Site "Dhaka"]
[Date "2018.12.10"]
[Round "5"]
[White "Hasan Md, Emam"]
[Black "Kovalev, Vladislav"]
[Result "0-1"]
[WhiteElo "2076"]
[BlackElo "2683"]
[Annotator "TA"]
[PlyCount "80"]
[EventDate "2018.12.07"]
[EventType "team-tourn"]
[EventCountry "BAN"]
[SourceTitle "playchess.com"]
[Source "ChessBase"]
[SourceQuality "1"]

{[%evp 26,80,16,0,0,-26,-20,-27,12,-62,-43,-22,0,-46,-44,-38,-40,-51,-50,-98,-65,-237,-134,-220,-211,-430,-462,-404,-450,-592,-589,-600,-593,-577,-579,-528,-395,-419,-409,-507,-419,-1041,-1032,-1138,-1134,-1134,-842,-1124,-1075,-1452,-1413,-1553,-1553,-1486,-1455,-1344,-1296]} 1. e4 e5 2. Nf3 Nc6 3. Bb5 a6 4. Ba4 Nf6 5. O-O Be7 6. Re1 b5 7. Bb3 d6 8. c3 O-O 9. h3 Nb8 10. d4 Nbd7 11. Nbd2 c5 12. d5 {C95: Closed Ruy Lopez: Breyer Variation with 10 d4} (12. Nf1 Re8 13. Ng3 Bf8 14. Bc2 cxd4 15. cxd4 exd4 16. Bf4 Bb7 17. Nxd4 g6 18. Qd2 Nc5 19. Bg5 Bg7 {½-½ (37) Karjakin,S (2760)-Kovalev,V (2664) Batumi 2018}) 12... c4 13. Bc2 Qc7 14. Nf1 {LiveBook: 3 Games. The position is equal.} a5 15. g4 Nc5 16. Ng3 b4 {[%cal Bb5b4,Bb4c3][%mdl 32]} 17. Kh2 (17. b3 $11) 17... Ba6 $146 ({Predecessor:} 17... Nd3 18. Bxd3 cxd3 19. Qxd3 bxc3 20. bxc3 Ba6 21. Qe3 Rfc8 22. Bd2 {½-½ (37) Korchagina,V (2147)-Lushnikov,A (2272) St Petersburg 2008}) 18. Nf5 Rfb8 19. Nxe7+ Qxe7 20. Nh4 g6 21. Bg5 bxc3 22. Qf3 {[#]} Kg7 $1 $36 {[%mdl 2048] Black has good play.} (22... cxb2 $2 23. Rab1 $19) 23. Rg1 $2 ({Only move:} 23. bxc3 $15 h6 24. Bxf6+ Qxf6 25. Qxf6+ Kxf6 26. Rab1) 23... Rxb2 (23... cxb2 $19 24. Rab1 Qd8) 24. Nf5+ (24. Qxc3 $17 {was necessary.} Rab8 25. Rg2) 24... gxf5 $19 25. Bh6+ $2 (25. gxf5 Kf8 26. Qxc3) 25... Kh8 26. gxf5 {Threatening mate with Qg2.} Rg8 27. Rg2 {intending Rag1.} Rxc2 28. Rag1 {[#] Rxg8+ would kill now.} Rg6 $1 {[%cal Rg6h6]} 29. fxg6 fxg6 30. Bg5 Ncd7 31. h4 Qf8 32. Qe3 Nc5 33. Bxf6+ (33. Bh6 $142 Qb8 34. f3 Rxg2+ 35. Rxg2) 33... Qxf6 {Black is clearly winning.} 34. h5 Qh4+ 35. Qh3 Qxh3+ 36. Kxh3 Nd3 37. Kh4 Nf4 38. Rh2 Nxh5 39. Kg5 Kg7 40. Rxh5 gxh5 {Accuracy: White = 19%, Black = 61%.} 0-1

[Event "S. A. Group BAN-chT 2018"]
[Site "Dhaka"]
[Date "2018.12.10"]
[Round "5"]
[White "Hossain, Monir"]
[Black "Mohammad Minhaz Uddin"]
[Result "0-1"]
[WhiteElo "2038"]
[BlackElo "2290"]
[Annotator "TA"]
[PlyCount "66"]
[EventDate "2018.12.07"]
[EventType "team-tourn"]
[EventCountry "BAN"]
[SourceTitle "playchess.com"]
[Source "ChessBase"]
[SourceQuality "1"]

{[%evp 16,66,-26,-26,-18,-38,0,0,47,47,50,47,47,32,52,40,47,27,29,27,30,0,0,-14,0,0,0,-60,29,-103,-102,-100,-67,-147,-139,-130,-140,-141,-139,-128,-135,-128,-65,-256,-239,-237,-258,-260,-210,-397,-379,-700,-690]} 1. Nf3 Nf6 2. g3 d5 3. Bg2 c5 4. O-O Nc6 5. d3 e5 6. Nbd2 Bd6 7. e4 d4 8. Nc4 Bc7 {A08: King's Indian Attack} (8... O-O 9. Nxd6 Qxd6 10. Nh4 Rb8 11. h3 b5 12. f4 c4 13. fxe5 Nxe5 14. Bg5 Ne8 15. Nf5 Bxf5 16. exf5 {½-½ (66) Grigoryan,K (2571)-Ni,H (2670) chess.com INT 2018}) 9. a4 {LiveBook: 4 Games} Bg4 10. h3 Bxf3 {Black is slightly better.} 11. Qxf3 a6 $146 ({Predecessor:} 11... Qe7 12. Bd2 O-O 13. Qe2 Nd7 14. f4 Nb6 15. Nxb6 axb6 16. f5 {0-1 (38) Koenig,F (2040)-Pueschel,W (2197) Strausberg 2001}) 12. Bg5 b6 13. h4 h6 14. Bxf6 Qxf6 15. Qxf6 gxf6 16. Bh3 Ke7 17. Bg4 b5 18. Na3 Rhb8 19. Bd1 Ba5 {[%cal Bc7a5,Ba5d2,Bd2c1][%mdl 32]} 20. Kg2 Bd2 21. Kf3 (21. Be2 $11) 21... c4 (21... Bb4 $1 $15) 22. Ke2 (22. dxc4 $11 bxa4 23. c5) 22... c3 $17 23. b3 Ra7 24. Nb1 {[#]} (24. Rh1 $15) 24... Bc1 $1 25. Nxc3 dxc3 26. Rxc1 Nd4+ 27. Ke3 bxa4 28. bxa4 Rb2 (28... Rab7 $17) 29. Ra1 $2 (29. g4 $15) 29... Rab7 $19 30. f4 {[#]} Rb1 $1 {[%cal Rb1a1]} ({Weaker is} 30... Nxc2+ 31. Bxc2 Rxc2 32. Rac1 $11) 31. Rxb1 Rxb1 32. fxe5 $2 (32. Kf2) 32... fxe5 33. g4 $2 {[#]} (33. Kf2 Ra1 34. Be2 Rxa4 35. Rb1) 33... Nxc2+ $1 {[%mdl 576] Pin. Accuracy: White = 27%, Black = 49%.} 0-1

[Event "S. A. Group BAN-chT 2018"]
[Site "Dhaka"]
[Date "2018.12.10"]
[Round "5"]
[White "Chowdhury, Sohel"]
[Black "Das, Sayantan"]
[Result "0-1"]
[WhiteElo "2012"]
[BlackElo "2453"]
[Annotator "TA"]
[PlyCount "44"]
[EventDate "2018.12.07"]
[EventType "team-tourn"]
[EventCountry "BAN"]
[SourceTitle "playchess.com"]
[Source "ChessBase"]
[SourceQuality "1"]

{[%evp 19,44,-47,-47,-49,-54,-63,-65,-189,-145,-268,-258,-404,-418,-462,-454,-397,-172,-727,-509,-782,-774,-731,-659,-6419,-6370,-2717,-2250]} 1. e4 c5 2. Nc3 Nc6 3. g3 g6 4. Bg2 Bg7 5. d3 e5 6. Be3 d6 7. Nge2 Nge7 8. O-O O-O 9. f4 {B25: Closed Sicilian: 3 g3, lines without early Be3} (9. Qd2 Nd4 10. f4 Be6 11. Nd5 Bxd5 12. exd5 Nef5 13. Nxd4 Nxe3 14. Qxe3 exf4 15. Qxf4 Bxd4+ 16. Kh1 Bxb2 17. Rab1 Be5 18. Qd2 Qd7 {0-1 (37) Yilmazyerli,M (2459)-Evdokimov,A (2493) Izmir 2017}) 9... Nd4 10. h3 Be6 {LiveBook: 5 Games} 11. g4 {Black should prevent f5.Black is slightly better.} f5 $1 {[%cal Rf5g4]} 12. exf5 $146 ({Predecessor:} 12. gxf5 gxf5 13. fxe5 dxe5 14. Bg5 f4 15. Nxd4 Qxd4+ 16. Kh2 Qd7 {0-1 (72) Rodriguez Vargas,S (2009)-Cucchi,N (2002) Montevideo 2011}) 12... gxf5 13. Ng3 (13. g5 $15) 13... exf4 14. Bxf4 (14. gxf5 $17 Nexf5 15. Bxf4) 14... fxg4 $19 15. hxg4 (15. Nh5 $142 Ng6 16. hxg4) 15... Ng6 16. Nh5 Nxf4 17. Nxf4 Qh4 (17... Qg5 $142 18. Nxe6 Qe3+ 19. Kh1 Rxf1+ 20. Qxf1 Qh6+ 21. Bh3 Nxe6) 18. Ncd5 $2 (18. Qe1 Qxg4 19. Nxe6 Nxe6 {[#]} 20. Qxe6+ $1 {[%mdl 512]} Qxe6 21. Bd5 Qxd5 22. Nxd5) 18... Kh8 {[#] And now ...Bxd5 would win.Black is clearly winning.} 19. c3 (19. Nxe6 $142 Nxe6 20. c3) 19... Bxd5 20. Bxd5 Qg3+ 21. Bg2 Rxf4 22. Rxf4 Qxf4 {Accuracy: White =  5%, Black = 68%.} 0-1

[Event "S. A. Group BAN-chT 2018"]
[Site "Dhaka"]
[Date "2018.12.10"]
[Round "5"]
[White "Hamid, Rani"]
[Black "Rahman, Ziaur"]
[Result "0-1"]
[WhiteElo "1932"]
[BlackElo "2468"]
[Annotator "TA"]
[PlyCount "72"]
[EventDate "2018.12.07"]
[EventType "team-tourn"]
[EventCountry "BAN"]
[SourceTitle "playchess.com"]
[Source "ChessBase"]
[SourceQuality "1"]

{[%evp 21,72,-7,0,-79,-29,-25,-25,-32,-40,-37,-50,-44,-38,-29,-19,-35,-18,-119,-119,-137,-129,-127,-138,-152,-152,-333,-331,-447,-443,-472,-468,-503,-506,-468,-454,-542,-559,-641,-578,-601,-601,-643,-612,-572,-631,-649,-646,-616,-646,-638,-625,-738,-738]} 1. e4 c5 2. Nf3 d6 3. d4 cxd4 4. Nxd4 Nf6 5. Nc3 Nc6 6. Be2 e5 7. Nb3 Be7 8. Bg5 O-O 9. O-O a5 10. a4 Be6 11. Qd2 {B59: Classical Sicilian: 6 Be2 e5 7 Nb3} Nb4 {LiveBook: 5 Games} 12. Kh1 $146 (12. Rad1 $11 {keeps the balance.}) ({Predecessor:} 12. Rad1 Rc8 13. Bf3 h6 14. Be3 Nh7 15. Na1 Rc6 16. Nd5 Bxd5 17. exd5 {½-½ (28) Moroz,A (2487)-Borovikov,V (2595) Rivne 2005}) 12... h6 13. Bxf6 $1 {Black has an edge.} Bxf6 14. Nd5 Bg5 15. Qd1 Nxd5 16. exd5 Bd7 $36 {[%mdl 2048] Black has some pressure.} 17. Nd2 f5 18. Nc4 Qc7 19. Qd3 {[#]} (19. c3 $11 {remains equal.}) 19... b5 $1 $17 20. axb5 Bxb5 21. b3 e4 22. Qh3 a4 23. f4 $2 (23. Ra2 $17) 23... Bf6 $19 24. Rae1 Bxc4 {Black is clearly winning.} 25. Bxc4 Bb2 26. Bb5 a3 27. Bc6 Ra7 28. c4 a2 29. Ba4 Qc5 30. Rd1 Qa3 31. c5 a1=Q 32. Rxa1 Bxa1 33. cxd6 Rxa4 34. bxa4 Qxh3 35. gxh3 Bc3 {[#] Threatens to win with ...e3.} 36. Rc1 Bd2 {Accuracy: White = 24%, Black = 88%.} 0-1

[Event "S. A. Group BAN-chT 2018"]
[Site "Dhaka"]
[Date "2018.12.10"]
[Round "5"]
[White "Sourath Biswas"]
[Black "Islam, Kh. Aminul"]
[Result "1-0"]
[WhiteElo "1881"]
[BlackElo "2253"]
[Annotator "TA"]
[PlyCount "115"]
[EventDate "2018.12.07"]
[EventType "team-tourn"]
[EventCountry "BAN"]
[SourceTitle "playchess.com"]
[Source "ChessBase"]
[SourceQuality "1"]

{[%evp 17,115,-30,-24,-48,-53,-44,-18,-23,-31,-37,2,-38,-30,-52,-28,-86,-96,-89,-99,-127,-123,-138,-121,-115,-33,-104,-12,-137,-132,-168,-163,-169,-155,-233,-226,-264,-245,-208,-143,-119,-77,-76,-70,-82,-25,-80,25,-29,-16,-7,33,19,40,15,23,22,31,-12,0,-27,-13,-16,-7,-33,0,0,0,0,0,-8,-7,-5,0,0,-9,-2,-8,-154,-153,-162,-132,-156,-21,-24,7,-42,-43,-42,8,-31,367,284,633,595,5281,5257,4134,4133,957,867]} 1. c4 Nf6 2. g3 c5 3. Bg2 Nc6 4. Nc3 g6 5. Nf3 Bg7 6. a3 O-O 7. O-O d5 8. cxd5 Nxd5 9. Ng5 {A34: Symmetrical English: 2 Nc3, lines with ...d5} (9. Nxd5 Qxd5 10. d3 Qd7 11. Re1 b6 12. Qa4 Bb7 13. Rb1 Rfd8 14. Qh4 Nd4 15. Nxd4 Bxg2 16. Kxg2 Bf6 17. Bg5 Bxg5 18. Qxg5 cxd4 19. Rec1 Rac8 20. h4 f6 21. Qf4 {½-½ (21) Cordova,E (2566)-Gonzalez Vidal,Y (2545) Havana 2012}) 9... e6 {LiveBook: 3 Games} 10. Nge4 b6 11. Rb1 {Black is slightly better.} a5 12. d3 h6 13. Bd2 Ra7 14. Nb5 $146 ({Predecessor:} 14. Na4 Ba6 15. Bc3 e5 16. Qb3 Nce7 17. Bd2 Qc7 {½-½ (60) Timman,J-Scholl,E Leeuwarden 1971}) 14... Rd7 15. Qa4 Ba6 16. Nbc3 (16. Nec3 $11) 16... Nd4 $17 {aiming for ...f5.} 17. Rfe1 Kh7 18. Na2 f5 $36 {[%mdl 2048] Black is in control.} 19. Nec3 b5 20. Qd1 a4 (20... Ne7 $17 21. Nc1 c4) 21. Nc1 (21. Nxd5 $15 exd5 22. Bc3) 21... Ne7 (21... Bb7 $17 22. e3 Nxc3 23. Bxc3 Bxg2 24. Kxg2 Qa8+ 25. f3 Nc6) 22. h4 {[#]} (22. b3 $11) 22... c4 $1 23. e3 Ndc6 24. d4 {[#]} e5 $1 {[%cal Re5d4]} 25. d5 (25. N1e2 $17 {was worth a try.}) 25... e4 26. h5 Nxd5 27. hxg6+ Kh8 28. Qe2 Nf4 29. gxf4 {Black must now prevent Rd1.} Rxd2 30. Qh5 Qf6 {[#]} (30... Qe8 $17 31. N1e2 Rd6) 31. Bxe4 $1 {[%mdl 512]} Ne7 ({Don't play} 31... fxe4 32. Nxe4 Qd8 33. Nxd2 $11) ({Better is} 31... b4 $17 32. axb4 Nxb4) 32. N1e2 (32. N1a2 $142) 32... Rfd8 33. Bf3 Nxg6 34. Ng3 Ne7 35. Rbd1 (35. Red1 $5 {[%cal Rd1d2]} Qf8 36. Bg2 $11) 35... Qf8 36. Rxd2 Rxd2 37. Re2 Rd6 {...b4! is the strong threat.} 38. Re1 b4 39. Nxa4 Bb5 40. Nc5 Be8 41. Qh3 Bxb2 42. axb4 c3 $1 {[%cal Rc3c2]} 43. Bd1 {[#]} Rxd1 $1 {[%mdl 512]} 44. Rxd1 c2 45. Rf1 c1=Q 46. Rxc1 Bxc1 47. Nd3 (47. Qf1 $11 Bb2 48. b5) 47... Bd2 48. Qf1 Bc3 49. Qc1 Bg7 (49... Qg7 $17 {Strongly threatening ...Kh7.} 50. Qa3 Kh7) 50. Qc5 $1 $11 Qf6 51. Ne5 Kh7 52. b5 {Hoping for b6.} Bf8 53. Qc7 {Threatens to win with Qb8.} Kh8 $2 {[%mdl 8192]} (53... Bxb5 $15 {keeps the upper hand.} 54. Qb8 Bc6) 54. b6 Nd5 $2 (54... Bc6 55. b7 Bxb7) 55. Qc8 $18 {[%mdl 64] Double Attack. White is clearly winning.} Nxb6 56. Qxe8 {White wants to mate with Nh5.} Kg8 57. Nh5 Qe7 58. Qg6+ {Accuracy: White = 26%, Black = 35%.} 1-0